000 00717nam a2200193Ia 4500
003 LDD
008 190117s9999 xx 000 0 und d
020 _a9789383894352
_c₹163
040 _cLDD
041 _ahi
082 _a8H4.7 पां2201हिं
100 _aपांचाल, परमानंद
245 0 _aहिंदी भाषा- प्रासंगिकता और व्यापकता
_cपरमानंद पांचाल
260 _aनई दिल्ली
_bहिंदी बुक सेंटर
_c2016
300 _axiii, 378p.
901 _aSTAR
904 _aReqst by : J M Parakh
942 _2ddc
_cH
999 _c162986
_d162986